Tārikh al-ʻIrāq fi ẓill al-hukm al-Umawī, al-siyāsī, al-ijtimāʻi, al-iqtisādī. (Record no. 49294)

MARC details
000 -LEADER
fixed length control field 00718cam a22002411 4500
001 - CONTROL NUMBER
control field ne 67000027
003 - CONTROL NUMBER IDENTIFIER
control field DLC
005 - DATE AND TIME OF LATEST TRANSACTION
control field 20260227111828.0
008 - FIXED-LENGTH DATA ELEMENTS--GENERAL INFORMATION
fixed length control field 890904s1959 ua b b 000 0 ara
010 ## - LIBRARY OF CONGRESS CONTROL NUMBER
LC control number ne 67000027
035 ## - SYSTEM CONTROL NUMBER
System control number (OCoLC)23515213
040 ## - CATALOGING SOURCE
Original cataloging agency DLC
Transcribing agency MiU
Modifying agency CU
-- DLC
042 ## - AUTHENTICATION CODE
Authentication code premarc
043 ## - GEOGRAPHIC AREA CODE
Geographic area code a-iq---
050 00 - LIBRARY OF CONGRESS CALL NUMBER
Classification number DS76
Item number .K48
100 1# - MAIN ENTRY--PERSONAL NAME
Personal name Kharbūṭlī, ʻAlī Ḥusnī.
245 10 - TITLE STATEMENT
Title Tārikh al-ʻIrāq fi ẓill al-hukm al-Umawī, al-siyāsī, al-ijtimāʻi, al-iqtisādī.
260 ## - PUBLICATION, DISTRIBUTION, ETC.
Place of publication, distribution, etc. Miṣr,
Name of publisher, distributor, etc. Dār al-maʻārif,
Date of publication, distribution, etc. 1959
300 ## - PHYSICAL DESCRIPTION
Extent 449 p.
Other physical details map.
Dimensions 25 cm.
490 0# - SERIES STATEMENT
Series statement Maktabat al-dirāsāt al-tārīkhīyah
504 ## - BIBLIOGRAPHY, ETC. NOTE
Bibliography, etc. note Bibliography: p. 429-449.
651 #0 - SUBJECT ADDED ENTRY--GEOGRAPHIC NAME
Geographic name Iraq
General subdivision History.

No items available.

Powered by Koha